00474nam a2200169 i 4500001001100000003000500011005001700016008004100033040002500074082001300099245004300112264007000155300001000225336002100235337002500256338002300281C2-0219509PPAK20180728111835.0990901s1983 my |||| ||||| | may d aPPAKbengcPPAKerda04a3202 2300aPolitik (Keratan Akhbar Koleksi Kedah) 1aAlor Setar, Kedah : bPerbadanan Perpustakaan Awam Kedah , c1983 c33 cm 2rdacontentatext 2rdamediaaunmediated 2rdacarrieravolume